Loading...
| Geography | 0 | 3 | 0 | 0 | 30 | 95 | 105.00 | 1 | 2 | 2.08 | 20.00 |
| History - American | 0 | 2 | 0 | 1 | 20 | 25 | 75.00 | 1 | 2 | 7.55 | 10.00 |
| History - Other | 0 | 2 | 0 | 2 | 20 | 109 | 109.50 | 0 | 2 | 0.09 | 5.00 |
| Science - Chemistry | 0 | 2 | 0 | 1 | 20 | 92 | 111.50 | 0 | 2 | 0.42 | 7.50 |
| Social Science | 0 | 1 | 0 | 1 | 10 | 97 | 97.00 | 0 | 0 | 1.69 | 3.57 |
| Fine Arts - Painting and Sculpture | 0 | 1 | 0 | 1 | 10 | 98 | 98.00 | 0 | 1 | 0.00 | 2.50 |
| History - World | 0 | 1 | 0 | 1 | 10 | 107 | 107.00 | 0 | 0 | 0.00 | 2.50 |
| Literature - British | 0 | 1 | 0 | 0 | 10 | 94 | 94.00 | 0 | 0 | 1.45 | 2.50 |
| Popular Culture | 0 | 1 | 0 | 0 | 10 | 36 | 36.00 | 1 | 1 | 11.49 | 16.67 |
| Science - Biology | 0 | 1 | 0 | 1 | 10 | 100 | 100.00 | 1 | 1 | 0.00 | 7.50 |
| Literature - European | 0 | 1 | 1 | 1 | 5 | 116 | 116.00 | 0 | 0 | 0.33 | 2.50 |
| Literature - World | 0 | 1 | 1 | 1 | 5 | 111 | 111.00 | 0 | 1 | 0.26 | 2.50 |
| Science - Other | 0 | 1 | 1 | 1 | 5 | 111 | 111.00 | 0 | 1 | 0.00 | 2.50 |
| Fine Arts - Classical Music | 0 | 1 | 1 | 1 | 5 | 111 | 111.00 | 0 | 1 | 0.90 | 5.00 |
| Literature - American | 0 | 0 | 0 | 0 | 0 | 0.00 | 0 | 0 | 0.00 | 0.00 | |
| Fine Arts - Other | 0 | 0 | 1 | 0 | -5 | 0.00 | 0 | 0 | 0.00 | 0.00 | |
| Current Events | 0 | 0 | 1 | 0 | -5 | 0.00 | 0 | 0 | 0.00 | 0.00 | |
| Philosophy | 0 | 0 | 1 | 0 | -5 | 0.00 | 0 | 0 | 0.00 | 0.00 | |
| Religion | 0 | 0 | 2 | 0 | -10 | 0.00 | 0 | 0 | 0.00 | 0.00 |